Statistics for Kpop Groups by Surnames

Click here to take the quiz!

General Stats

  • This quiz has been taken 144 times
  • The average score is 6 of 28

Answer Stats

SurnamesGroup% Correct
Kim, Jeon, Kim, Kim, Park, Jung, MinBTS
71%
Park, Im, Yoo, Hirai, Minatozaki, Myoui, Kim, Son, ChouTwice
66%
Park, Kim, Kim, ManobanBlack Pink
63%
Wang, Tuan, Choi, Kim, Bhuwakul, Im, ParkGot7
50%
Oh, Byun, Park, Kim, Zhang, Kim, Do, Kim, KimEXO
47%
Choi, Yoon, Hong, Wen, Kwon, Jeon, Lee, Lee, Kim, Xu, Boo, Choi, LeeSeventeen
46%
Bae, Kang, Park, Kim, SonRed Velvet
24%
Lee, Choi, Kim, Lee, KimShinee
24%
Park, Park, Lee, Gong2NE1
23%
Kim, Moon, Jung, AhnMamamoo
17%
Yook, Lee, Jung, Lee, Im, Seo, ShinBtoB
15%
Kwon, Choi, Dong, Lee, KangBig Bang
14%
Jang, Oh, Choi, Sajakul, Jang, Chong, KwonCLC
14%
Kim, Kim, Song, Kim, Kim, Koo, JungiKon
14%
Im, Kim, Hwang, Seo, Kwon, Choi, Lee, KimSNSD
12%
Chu, Kim, Wu, Kim, Park, Lee, Nam, Son, Cheng, Meng, Lee, Lim, YuWJSN
12%
Bae, Wang, LeeMiss A
11%
Son, Lee, Lee, Yoo, Chae, Lee, ImMonsta X
11%
Lim, Park, Kang, Massie, Kang, Jung, Kim, Kim, Zhou, BaePristin
11%
Park, Seo, Ahn, Heo, AhnEXID
10%
Yong, Yang, Yoon, Lee, SonHighlight
9%
Song, Kang, Kim, LeeWinner
9%
Kim, Nam, Heo, Jeon, Kwon4Minute
3%
Ki, Heo, Lee, Baek, Ahn, Jung, Kwon, Lee, AhnDIA
2%
Kim, Jung, Jung, Choi, Hwang, KimGFriend
2%
Yoo, Lee, Ryu, Seo, Park, LeeLovelyz
1%
Yoon, Kim, Kim, KangSistar
1%
Kim, Lee, Park, WooWonder Girls
0%

Score Distribution

Percentile by Number Answered

Percent of People with Each Score

Your Score History

You have not taken this quiz